Pouvez-vous nommer tous les pays avec plus de 100 millions d'habitants - Statistiques

Statistiques générales
  • Ce quiz a été pris 433 fois
    396 depuis la dernière actualisation
  • Le résultat moyen est 11 sur 14
Statistiques - réponses
Hint Réponse % Correct
Population:1,439,323,776 Chine
99%
Population:1,380,004,385 Inde
99%
Population:145,934,462 Russie
97%
Population:331,002,651 États Unis
96%
Population:212,559,417 Brésil
95%
Population:126,476,461 Japon
86%
Population:128,932,753 Mexique
84%
Population:273,523,615 Indonésie
80%
Population:206,139,589 Nigeria
74%
Population:220,892,340 Pakistan
71%
Population:164,689,383 Bangladesh
62%
Population:102,334,404 Égypte
62%
Population:109,581,078 Philippines
49%
Population:114,963,588 Éthiopie
46%
Aucun quiz correspondant
Distribution des résultats
% des personnes avec chaque résultat
Percentile par nombre de réponses
Votre historique - résultats
Vous n’avez pas pris ce quiz depuis la dernière actualisation